| 000 | 01408nam a2200289 i 4500 | ||
|---|---|---|---|
| 001 | 66898 | ||
| 003 | ES-MaACL | ||
| 005 | 20230906165901.0 | ||
| 007 | t| | ||
| 008 | 040419s2003 sp ||||1| spa d | ||
| 020 | _a84-87622-74-7 | ||
| 245 | 0 | 0 |
_aPecharromán y Gaudí [ _hexposición] _b: espacios del color en la arquitectura : actos conmemorativos del 150 aniversario del nacimiento de Antonio Gaudí = Pecharromán to Gaudí : spaces of color in architecture : commemorative events of Antonio Gaudí's 150th birth anniversary / _c[textos Carmelo Arribas Pérez ; traducción Javier Gallego Alvarez]. |
| 260 |
_aMérida : _bAsamblea de Extremadura, Departamento de Publicaciones, _c[2003] |
||
| 300 |
_a121 p. : _bil. ; _c31 cm. |
||
| 500 | _aTexto paralelo en español e inglés. | ||
| 500 | _aExposición celebrada en el Patio Noble de la Asamblea de Extremadura, Mérida, mayo-junio de 2003. | ||
| 600 | 1 | 4 |
_aPecharromán, Ricardo- _vExposiciones. _989842 |
| 600 | 1 | 4 |
_aGaudí, Antoni- _xInfluencia - Pecharromán, Ricardo. _9205853 |
| 610 | 1 | 7 |
_aExtremadura. _bAsamblea. _94050 |
| 650 | 4 |
_aPintura española- _yS.XX- _vExposiciones. _916043 |
|
| 655 | 7 |
_2tgfbne _9193628 _aCatálogos de exposiciones |
|
| 700 | 1 |
_aArribas Pérez, Carmelo. _923296 |
|
| 700 | 1 |
_aGallego Alvarez, Javier. _953548 |
|
| 852 |
_aES-MaACL _jL-27373 _bR.133647 |
||
| 942 | _2udc | ||
| 999 |
_c66898 _d66898 |
||